000 00431nam a22001697a 4500
005 20180205145237.0
008 160701b xxu||||| |||| 00| 0 eng d
020 _a978-93-81269-23-7
041 _aeng
082 _b20179
_a004.65
100 _aHwang kai & others
_93341
245 _aDistributed & cloud computing
260 _bELSEVIER
_c2012
_aAMSTERDAM
300 _a622
650 _aInformation Technology
_9137
942 _cBK
999 _c4996
_d4994